Piazzamenti della Russia agli Europei - Statistics

Statistiche generali
  • Questo quiz è stato fatto 16 volte
  • Il punteggio medio è 4 su 12
Statistiche sulle risposte
Hint Risposta % Corretto
2012 Fase a gironi
47%
2016 Fase a gironi
47%
2020 Fase a gironi
47%
1996 Fase a gironi
33%
1968 Quarto posto
33%
2004 Fase a gironi
27%
1964 Secondo posto
27%
1988 Secondo posto
27%
1960 Vincitore
27%
1992 Fase a gironi
20%
1972 Secondo posto
13%
2008 Semifinale
13%
Nessun quiz corrispondente trovato
Distribuzione punteggi
Percentuale di utenti per punteggio
Percentile per numero di risposta
I tuoi punteggi nel tempo
Non hai fatto questo quiz